[Event "7th Parsvnath International Open Chess T"]
[Site "Modern School, Barakhamba Road"]
[Date "2009.01.17"]
[Round "8.29"]
[White "Roy, Prantik"]
[Black "Katalymov, Boris N"]
[Result "1-0"]
[WhiteElo "2071"]
[BlackElo "2367"]
[PlyCount "103"]
[EventDate "2009.01.11"]

1. d4 Nf6 2. Nf3 g6 3. c4 Bg7 4. Nc3 d5 5. e3 O-O 6. Be2 c6 7. O-O a5 8. Ne5
dxc4 9. Bxc4 Nfd7 10. f4 a4 11. a3 Nb6 12. Ba2 N8d7 13. Qc2 c5 14. Rd1 cxd4 15.
exd4 Nf6 16. d5 Bf5 17. Qe2 h5 18. Be3 Ng4 19. Bd4 Nxe5 20. fxe5 Bg4 21. Qe3
Nd7 22. Rf1 b6 23. Rae1 Nc5 24. Bb1 Ra5 25. e6 Nxe6 26. Bxb6 Qxb6 27. Qxb6 Bd4+
28. Qxd4 Nxd4 29. Rxe7 Nf5 30. Bxf5 Bxf5 31. Rf4 Rfa8 32. Rb4 Kg7 33. Rbb7 Kf6
34. Rxf7+ Ke5 35. Rfe7+ Kd6 36. Re3 R5a6 37. h4 Kc5 38. Rb4 Bc2 39. Nb5 Bf5 40.
Nc7 Ra5 41. Rc3+ Kd6 42. Rb6+ Ke5 43. Nxa8 Rxa8 44. d6 Kd5 45. Rc7 Rd8 46. Ra6
Bd7 47. Kh2 Ke6 48. Rc5 Rb8 49. Rc2 Bb5 50. Ra7 Kxd6 51. Rg7 Rc8 52. Re2 1-0

[Event "7th Parsvnath International Open Chess T"]
[Site "Modern School, Barakhamba Road"]
[Date "2009.01.17"]
[Round "8.30"]
[White "Swapnil, S  Dhopade"]
[Black "Saravana, Krishnan P"]
[Result "1/2-1/2"]
[WhiteElo "2361"]
[BlackElo "2243"]
[PlyCount "149"]
[EventDate "2009.01.11"]

1. d4 Nf6 2. c4 e5 3. dxe5 Ng4 4. Nf3 Bc5 5. e3 Nc6 6. Be2 O-O 7. O-O Ngxe5 8.
Nc3 Re8 9. b3 a5 10. Bb2 Nxf3+ 11. Bxf3 Ne5 12. Be2 Ra6 13. Ne4 Bf8 14. Ng3
Rae6 15. f4 Nc6 16. e4 Bc5+ 17. Kh1 d6 18. Bg4 Rg6 19. Bxc8 Qxc8 20. f5 Rxg3
21. hxg3 Rxe4 22. Qh5 Qe8 23. f6 Nd4 24. Bxd4 Bxd4 25. Qg5 g6 26. Qh6 Qf8 27.
Qxf8+ Kxf8 28. Rae1 Rxe1 29. Rxe1 Bxf6 30. g4 b6 31. g3 Be5 32. Kg2 Kg7 33. Kf3
h6 34. Rh1 c6 35. Rh2 Bd4 36. Ke4 Be5 37. Kf3 Bd4 38. Rd2 Be5 39. a3 Kf6 40. b4
Ke6 41. bxa5 bxa5 42. Rd1 Bb2 43. a4 Bc3 44. Rc1 Be5 45. Rh1 Bg7 46. Rb1 Bc3
47. Rb6 Kd7 48. Rb7+ Ke6 49. Rc7 c5 50. Ke4 Be1 51. Ra7 Bb4 52. Ra8 Be1 53. Kd3
Ke7 54. Ke3 Bc3 55. Ke4 Ke6 56. Kd3 Bb4 57. Rh8 Kf6 58. Ke4 Be1 59. Rxh6 Bxg3
60. Rh1 Kg5 61. Rf1 f6 62. Kf3 Be5 63. Rb1 f5 64. Rb5 fxg4+ 65. Kg2 Bc3 66. Rb6
Kf4 67. Rxd6 Ke4 68. Rxg6 Kd3 69. Rxg4 Bd4 70. Kf1 Kxc4 71. Ke2 Kb3 72. Kd3 Kb4
73. Rh4 Kb3 74. Rxd4 cxd4 75. Kxd4 1/2-1/2

[Event "7th Parsvnath International Open Chess T"]
[Site "Modern School, Barakhamba Road"]
[Date "2009.01.17"]
[Round "8.31"]
[White "Praveen Kumar, C."]
[Black "Vinoth, Kumar"]
[Result "1/2-1/2"]
[WhiteElo "2360"]
[BlackElo "2204"]
[PlyCount "96"]
[EventDate "2009.01.11"]

1. d4 c5 2. d5 e5 3. c4 d6 4. e4 g6 5. Nc3 a6 6. Be3 Nh6 7. f3 f5 8. Qd2 f4 9.
Bf2 Be7 10. Bd3 O-O 11. O-O-O Bd7 12. h4 b5 13. Nh3 bxc4 14. Bxc4 Bb5 15. Bb3
c4 16. Bc2 Nf7 17. g3 Bd7 18. Rdg1 Bxh3 19. Rxh3 Qc8 20. Rh2 Nd7 21. Rhg2 Bf6
22. Na4 Rb8 23. Qc3 Kh8 24. Kb1 fxg3 25. Bxg3 Nc5 26. Bf2 Nxa4 27. Bxa4 Qh3 28.
Rg3 Qxh4 29. Qe1 Qh6 30. Rxg6 hxg6 31. Rh1 Qxh1 32. Qxh1+ Kg7 33. Be3 Rb4 34.
b3 cxb3 35. axb3 Bg5 36. Bxg5 Nxg5 37. Qc1 Nxf3 38. Qc7+ Rf7 39. Qxd6 Rxe4 40.
Be8 Re1+ 41. Ka2 Re2+ 42. Ka3 Nd4 43. Qxa6 Rf3 44. Qxg6+ Kf8 45. Ba4 Nc2+ 46.
Kb2 Nb4+ 47. Ka3 Nc2+ 48. Kb2 Nb4+ 1/2-1/2

[Event "7th Parsvnath International Open Chess T"]
[Site "Modern School, Barakhamba Road"]
[Date "2009.01.17"]
[Round "8.32"]
[White "Djuraev, Sokhib"]
[Black "Tiwari, Ashwani"]
[Result "1-0"]
[WhiteElo "2353"]
[BlackElo "2096"]
[PlyCount "64"]
[EventDate "2009.01.11"]

1. e4 c5 2. Nf3 Nc6 3. d4 cxd4 4. Nxd4 g6 5. c4 Nf6 6. Nc3 d6 7. Be2 Nxd4 8.
Qxd4 Bg7 9. O-O O-O 10. Bg5 Be6 11. Qd2 Qa5 12. Rac1 Rfc8 13. b3 a6 14. f4 b5
15. f5 b4 16. fxe6 bxc3 17. exf7+ Kh8 18. Qf4 Qxa2 19. Bg4 Nxg4 20. Qxg4 Rc5
21. Be3 Rh5 22. Qd1 Rb8 23. Bd4 Rg5 24. Bxg7+ Kxg7 25. Qf3 Rf8 26. Qxc3+ Re5
27. c5 Qe2 28. Qd4 Rxf7 29. cxd6 Rxf1+ 30. Rxf1 exd6 31. Qxd6 Qe3+ 32. Kh1 Qxe4
1-0

[Event "7th Parsvnath International Open Chess T"]
[Site "Modern School, Barakhamba Road"]
[Date "2009.01.17"]
[Round "8.34"]
[White "Venkatesh, M R."]
[Black "Mohammad, Ali"]
[Result "1-0"]
[WhiteElo "2470"]
[BlackElo "2232"]
[PlyCount "47"]
[EventDate "2009.01.11"]

1. e4 c5 2. Nf3 d6 3. d4 cxd4 4. Nxd4 Nf6 5. Nc3 a6 6. Bg5 e6 7. f4 Qc7 8. Bxf6
gxf6 9. f5 Nc6 10. fxe6 fxe6 11. Be2 Nxd4 12. Qxd4 Rg8 13. Qxf6 Qc5 14. Rf1 Qg5
15. Qf7+ Kd8 16. e5 Qg7 17. exd6 Bd7 18. Ne4 Rc8 19. O-O-O Qxf7 20. Rxf7 Bh6+
21. Kb1 Rxg2 22. Nf6 Ba4 23. b3 Rxe2 24. Rxh7 1-0

[Event "7th Parsvnath International Open Chess T"]
[Site "Modern School, Barakhamba Road"]
[Date "2009.01.17"]
[Round "8.35"]
[White "Das, Sayantan"]
[Black "Murali Krishnan, B T."]
[Result "1/2-1/2"]
[WhiteElo "2224"]
[BlackElo "2444"]
[PlyCount "92"]
[EventDate "2009.01.11"]

1. e4 d5 2. exd5 Qxd5 3. Nf3 c6 4. Be2 Nf6 5. O-O Bg4 6. c4 Qd6 7. d4 Nbd7 8.
Qb3 b6 9. Nc3 e6 10. a3 Be7 11. h3 Bh5 12. Be3 O-O 13. Qc2 Bg6 14. Qc1 Qc7 15.
Bf4 Bd6 16. Bxd6 Qxd6 17. Qe3 a6 18. Rfd1 Rfd8 19. Ne5 Bc2 20. Rdc1 Bg6 21. Qf4
Nxe5 22. dxe5 Qc7 23. Qg5 h6 24. Qe3 Nd7 25. Na4 Nxe5 26. Qxb6 Qxb6 27. Nxb6
Rab8 28. c5 Bd3 29. Re1 Rd4 30. Bh5 f6 31. Bd1 Kf7 32. b4 Rbd8 33. Bb3 h5 34.
Rad1 g5 35. Rd2 Be4 36. Rxd4 Rxd4 37. Rd1 Rxd1+ 38. Bxd1 h4 39. Nc8 Bd3 40. Bb3
f5 41. f3 Kf6 42. Na7 Ke7 43. Nc8+ Kf6 44. Na7 Ke7 45. Nc8+ Kf6 46. Na7 Ke7
1/2-1/2

[Event "7th Parsvnath International Open Chess T"]
[Site "Modern School, Barakhamba Road"]
[Date "2009.01.17"]
[Round "8.36"]
[White "Chatterjee, Debaraj"]
[Black "Amanov, Zhanibek"]
[Result "0-1"]
[WhiteElo "2218"]
[BlackElo "2413"]
[PlyCount "63"]
[EventDate "2009.01.11"]

1. d4 d5 2. e3 Nf6 3. Bd3 c5 4. c3 Nc6 5. f4 Bg4 6. Nf3 e6 7. O-O Bd6 8. Qa4
Qd7 9. b3 Bxf3 10. Rxf3 O-O 11. Ba3 Qe7 12. dxc5 Bxc5 13. b4 Bd6 14. b5 Nb8 15.
Bxd6 Qxd6 16. Qd4 Nbd7 17. Nd2 Rfd8 18. Nc4 Qc7 19. Ne5 g6 20. Nxd7 Nxd7 21.
Rc1 Rac8 22. Rf2 Nc5 23. Bb1 Qe7 24. g3 b6 25. Kg2 Rd7 26. Bc2 Nb7 27. Bd3 Rdc7
28. Rcf1 Nd6 29. Qb4 Rc5 30. c4 dxc4 31. Bxc4 Qb7+ 32. Kh3 0-1

[Event "7th Parsvnath International Open Chess T"]
[Site "Modern School, Barakhamba Road"]
[Date "2009.01.17"]
[Round "8.37"]
[White "Saptarshi, Roy"]
[Black "Deshpande, Aniruddha"]
[Result "1/2-1/2"]
[WhiteElo "2410"]
[BlackElo "2226"]
[PlyCount "87"]
[EventDate "2009.01.11"]

1. e4 c5 2. Nf3 Nc6 3. d4 cxd4 4. Nxd4 g6 5. c4 Nf6 6. Nc3 d6 7. Nc2 Bg7 8. Be2
O-O 9. O-O Be6 10. Rb1 Rc8 11. b3 Qa5 12. Bb2 Nxe4 13. Nxe4 Bxb2 14. Nxd6 exd6
15. Rxb2 Qe5 16. Rb1 d5 17. f4 Qd6 18. b4 b6 19. Ne3 Ne7 20. cxd5 Bxd5 21. f5
Rfd8 22. f6 Qe6 23. Nxd5 Nxd5 24. Ba6 Rb8 25. Bc4 Qe3+ 26. Kh1 Nxf6 27. Qe1
Qxe1 28. Rbxe1 Rbc8 29. Bb3 Nd5 30. Re5 Nxb4 31. Rxf7 Nc6 32. Re4 Rf8 33. Rd7+
Kh8 34. h3 Rce8 35. Bd5 Rxe4 36. Bxe4 Rc8 37. Kh2 a5 38. Rb7 Nb4 39. a3 Rc4 40.
Bb1 Nc2 41. Rb8+ Kg7 42. Rb7+ Kh8 43. Rb8+ Kg7 44. Kg3 1/2-1/2

[Event "7th Parsvnath International Open Chess T"]
[Site "Modern School, Barakhamba Road"]
[Date "2009.01.17"]
[Round "8.38"]
[White "Himanshu, Sharma"]
[Black "Tejas Ravichandran"]
[Result "1-0"]
[WhiteElo "2405"]
[BlackElo "2189"]
[PlyCount "107"]
[EventDate "2009.01.11"]

1. Nf3 Nf6 2. g3 e6 3. Bg2 Be7 4. O-O O-O 5. d3 d5 6. Nbd2 b6 7. Re1 Bb7 8. c3
Nbd7 9. Qc2 Re8 10. e4 dxe4 11. dxe4 Nc5 12. Bf1 a5 13. a4 Ra7 14. Nd4 e5 15.
Nf5 Bf8 16. f3 Bc8 17. Bb5 Bd7 18. Bxd7 Qxd7 19. Nc4 Qd3 20. Qxd3 Nxd3 21. Rd1
Nxc1 22. Raxc1 Bc5+ 23. Kf1 g6 24. Nh4 c6 25. Ra1 Kf8 26. Ng2 Rd7 27. Ke2 Re6
28. Ne1 Rb7 29. Rd8+ Ke7 30. Rad1 Nd7 31. Ra8 f6 32. g4 Rc7 33. h4 Kf7 34. Rd8
Ke7 35. Ra8 Kf7 36. Nd3 Bf8 37. h5 Re8 38. hxg6+ hxg6 39. Rxe8 Kxe8 40. g5 Bg7
41. gxf6 Bxf6 42. f4 exf4 43. Nxf4 Nc5 44. Nd6+ Ke7 45. Nxg6+ Ke6 46. Nf4+ Ke5
47. Kf3 Bg5 48. Nc4+ Kf6 49. Rd6+ Ke7 50. Ng6+ Kf7 51. Nge5+ Ke8 52. Nxb6 Re7
53. Nbc4 Nxa4 54. Rg6 1-0

[Event "7th Parsvnath International Open Chess T"]
[Site "Modern School, Barakhamba Road"]
[Date "2009.01.17"]
[Round "8.39"]
[White "Apollosana Mangang, Rajkumar"]
[Black "Das, Arghyadip"]
[Result "0-1"]
[WhiteElo "2195"]
[BlackElo "2404"]
[PlyCount "63"]
[EventDate "2009.01.11"]

1. e4 c5 2. Nf3 d6 3. d4 cxd4 4. Nxd4 Nf6 5. Nc3 Nc6 6. h3 e5 7. Nb3 Be6 8. Bg5
Be7 9. Qd2 a5 10. Rd1 a4 11. Nc1 O-O 12. g4 a3 13. b3 Nd4 14. Bg2 Rc8 15. N1e2
Nxe4 16. Bxe4 Bxg5 17. Qd3 Qa5 18. Kf1 d5 19. Bxh7+ Kh8 20. h4 Be7 21. Bf5 Bb4
22. Rh3 Rc6 23. Qe3 Nxf5 24. gxf5 Bxf5 25. Rg3 d4 26. Qg5 g6 27. h5 Bxc2 28.
hxg6 fxg6 29. Kg2 Kg8 30. Rh1 Qc7 31. Kg1 Qg7 32. Rh6 0-1

[Event "7th Parsvnath International Open Chess T"]
[Site "Modern School, Barakhamba Road"]
[Date "2009.01.17"]
[Round "8.40"]
[White "Girinath, P D S."]
[Black "Gagare, Shardul"]
[Result "1/2-1/2"]
[WhiteElo "2404"]
[BlackElo "2159"]
[PlyCount "100"]
[EventDate "2009.01.11"]

1. e4 c6 2. d3 d5 3. Nd2 e5 4. Ngf3 Bd6 5. g3 Nf6 6. Bg2 O-O 7. O-O Qc7 8. b3
Bg4 9. h3 Bxf3 10. Qxf3 Nbd7 11. Bb2 Qa5 12. Qe2 Ba3 13. Bxa3 Qxa3 14. exd5
Nxd5 15. Nc4 Qc5 16. Rfe1 Rae8 17. Qd2 f6 18. c3 N7b6 19. Rac1 Nxc4 20. dxc4
Nb6 21. Rcd1 Rf7 22. Qe2 a5 23. Rd2 Rd7 24. Rxd7 Nxd7 25. Rd1 Nb6 26. Qd3 g6
27. g4 Kf7 28. Be4 Rf8 29. Kg2 Ke6 30. Qd2 f5 31. gxf5+ gxf5 32. Bc2 Rg8+ 33.
Kf1 Qe7 34. Qh6+ Rg6 35. Qh5 Rg5 36. Qh6+ Rg6 37. Qh5 Rg5 38. Qf3 e4 39. Qf4
Rg6 40. Qb8 Rg7 41. Rd8 Nd7 42. Qc7 Qg5 43. Re8+ Re7 44. Rxe7+ Kxe7 45. Ke2 Qc1
46. Bd1 Qxc3 47. Qxb7 f4 48. Qxc6 f3+ 49. Kf1 Qd3+ 50. Ke1 Qc3+ 1/2-1/2

[Event "7th Parsvnath International Open Chess T"]
[Site "Modern School, Barakhamba Road"]
[Date "2009.01.17"]
[Round "8.41"]
[White "Nitin, S."]
[Black "Shiven, Khosla"]
[Result "1-0"]
[WhiteElo "2365"]
[BlackElo "2168"]
[PlyCount "99"]
[EventDate "2009.01.11"]

1. e4 c5 2. Nf3 d6 3. c3 Nf6 4. Bd3 Nc6 5. Bc2 g6 6. O-O Bg7 7. h3 O-O 8. d3 b6
9. Re1 Bb7 10. a3 Nd7 11. Be3 Rc8 12. Nbd2 Qc7 13. Rc1 Rfd8 14. d4 e6 15. b4
Qb8 16. Bb3 b5 17. Qe2 c4 18. Bc2 a5 19. bxa5 Qa8 20. a4 bxa4 21. Bxa4 Qxa5 22.
Rb1 Qxa4 23. Rxb7 Na5 24. Rb4 Qc2 25. Nb1 Qxe2 26. Rxe2 Rb8 27. Ra2 Nb3 28. Ra7
Nf6 29. Ng5 Rf8 30. Rxb8 Rxb8 31. Na3 Rf8 32. Nxc4 h6 33. Nxe6 fxe6 34. Nxd6
Rd8 35. e5 Nd5 36. c4 Nb6 37. Rb7 Nxc4 38. Nxc4 Nxd4 39. Bxd4 Rxd4 40. Rc7 Re4
41. Rc8+ Kh7 42. Rc5 g5 43. Kf1 Rd4 44. Rc6 Re4 45. f3 Rd4 46. Ke2 Kg6 47.
Rxe6+ Kf5 48. Rc6 Rd8 49. Ke3 Bxe5 50. g4# 1-0

[Event "7th Parsvnath International Open Chess T"]
[Site "Modern School, Barakhamba Road"]
[Date "2009.01.17"]
[Round "8.42"]
[White "Shantharam, K V."]
[Black "Debashis, Das"]
[Result "1/2-1/2"]
[WhiteElo "2191"]
[BlackElo "2365"]
[PlyCount "59"]
[EventDate "2009.01.11"]

1. c4 e5 2. Nc3 Bb4 3. Nd5 Be7 4. d4 d6 5. e4 Nf6 6. dxe5 dxe5 7. Nxf6+ Bxf6 8.
Qxd8+ Bxd8 9. Be3 Be6 10. Nf3 f6 11. c5 Be7 12. Nd2 Nd7 13. Rc1 c6 14. f3 a5
15. a4 Kf7 16. Bc4 Rhd8 17. Bxe6+ Kxe6 18. Ke2 g6 19. Rc4 Nf8 20. g4 Kf7 21.
Nb3 Rd7 22. Rcc1 Ne6 23. Rhd1 Rxd1 24. Rxd1 Ke8 25. Rd3 Bd8 26. Kd2 Bc7 27. Kc3
Ke7 28. Kc4 Rh8 29. Bd2 Ra8 30. h3 1/2-1/2

[Event "7th Parsvnath International Open Chess T"]
[Site "Modern School, Barakhamba Road"]
[Date "2009.01.17"]
[Round "8.43"]
[White "Mishra, Neeraj-Kumar"]
[Black "Deric, Pinto"]
[Result "1-0"]
[WhiteElo "2338"]
[BlackElo "2142"]
[PlyCount "51"]
[EventDate "2009.01.11"]

1. c4 e5 2. Nc3 Nc6 3. g3 f5 4. Bg2 Nf6 5. e3 g6 6. Nge2 Bg7 7. d4 O-O 8. O-O
d6 9. Rb1 Kh8 10. b4 Qe7 11. a4 Nh5 12. Nd5 Qf7 13. f4 Nd8 14. b5 c6 15. bxc6
bxc6 16. Ba3 Qd7 17. dxe5 cxd5 18. Bxd6 Re8 19. Qxd5 Bb7 20. Rxb7 Nxb7 21. Qxb7
Qxa4 22. c5 Qa3 23. Qf3 Rac8 24. e4 Qxf3 25. Bxf3 fxe4 26. Bg4 1-0

[Event "7th Parsvnath International Open Chess T"]
[Site "Modern School, Barakhamba Road"]
[Date "2009.01.17"]
[Round "8.44"]
[White "Amrutha, Mokal"]
[Black "Sangma, Rahul"]
[Result "1/2-1/2"]
[WhiteElo "2175"]
[BlackElo "2322"]
[PlyCount "141"]
[EventDate "2009.01.11"]

1. e4 e5 2. Nf3 Nc6 3. d4 exd4 4. Nxd4 Qh4 5. Nb5 Bc5 6. Qe2 Nf6 7. g3 Qxe4 8.
N1c3 Qxe2+ 9. Bxe2 Kd8 10. Bf4 Ne8 11. Ne4 Bb4+ 12. c3 Be7 13. O-O-O h6 14. g4
a6 15. Nd4 Nxd4 16. Rxd4 Nf6 17. Ng3 d6 18. f3 Be6 19. c4 Nd7 20. Ne4 f5 21.
gxf5 Bxf5 22. Ng3 Bh7 23. h4 Rf8 24. Nh5 Nc5 25. Be3 Ne6 26. Rg4 g6 27. Re4 Kd7
28. Nf4 Nxf4 29. Rxf4 Bf6 30. Rg4 Rfe8 31. Kd2 h5 32. Rf4 Bg7 33. Rf7+ Re7 34.
Rxe7+ Kxe7 35. Bd3 Rf8 36. Be4 b6 37. b3 Bf6 38. Bf2 Kf7 39. Rg1 Kg7 40. f4 Be5
41. f5 Kh8 42. fxg6 Rxf2+ 43. Ke3 Bg8 44. Kxf2 Bd4+ 45. Kg2 Bxg1 46. Kxg1 Kg7
47. Kf2 Kf6 48. Ke3 Be6 49. Kd4 c5+ 50. Ke3 Bd7 51. Kf4 b5 52. g7 Kxg7 53. Kg5
Bg4 54. Bb7 bxc4 55. bxc4 a5 56. Bd5 Kf8 57. Kf6 Ke8 58. Bc6+ Kd8 59. Bd5 Kd7
60. a3 Bd1 61. Kf7 Bc2 62. Kf6 Bd1 63. Kf7 Kc7 64. Ke7 Bc2 65. Ke6 Ba4 66. Bf3
Be8 67. Ke7 Bg6 68. Kf6 Be8 69. Ke7 Bg6 70. Kf6 Be8 71. Ke7 1/2-1/2

[Event "7th Parsvnath International Open Chess T"]
[Site "Modern School, Barakhamba Road"]
[Date "2009.01.17"]
[Round "8.45"]
[White "Arkhangels, Y Boris"]
[Black "Preethi, R."]
[Result "1-0"]
[WhiteElo "2315"]
[BlackElo "2140"]
[PlyCount "129"]
[EventDate "2009.01.11"]

1. e4 c5 2. Nf3 Nc6 3. d4 cxd4 4. Nxd4 Nf6 5. Nc3 e5 6. Ndb5 d6 7. Bg5 a6 8.
Na3 b5 9. Nd5 Be7 10. Bxf6 Bxf6 11. c4 b4 12. Nc2 Rb8 13. b3 Bg5 14. Be2 O-O
15. O-O f5 16. f3 Be6 17. exf5 Bxf5 18. Bd3 Qd7 19. Kh1 a5 20. Qe2 Kh8 21. Rad1
Rbd8 22. Be4 Bxe4 23. Qxe4 Qf5 24. Qe2 Qf7 25. g3 Qb7 26. Qe4 Rd7 27. Qg4 Bf6
28. Qe6 Nd8 29. Qg4 Nc6 30. Kg2 Rdd8 31. Rfe1 Qa7 32. Re2 g6 33. h4 Bg7 34. h5
gxh5 35. Qxh5 Qf7 36. Qg4 Rg8 37. Rh1 Bh6 38. Qe4 Rg6 39. Nde3 Bxe3 40. Rxe3
Ne7 41. g4 Rg7 42. Ree1 Ng6 43. Ne3 Nf4+ 44. Kf2 Qa7 45. Kg3 Rdg8 46. Rh6 Rg6
47. Reh1 Rxh6 48. Rxh6 Rg6 49. Rh1 Kg8 50. Nf5 Kh8 51. Nxd6 Qe7 52. Qxe5+ Qxe5
53. Nf7+ Kg7 54. Nxe5 Rf6 55. Rd1 Ne2+ 56. Kf2 Nc3 57. Rd7+ Kg8 58. Ra7 Nxa2
59. c5 Nc3 60. c6 a4 61. c7 Rf8 62. bxa4 b3 63. Nc4 Rc8 64. Rb7 Kg7 65. Nd6 1-0

[Event "7th Parsvnath International Open Chess T"]
[Site "Modern School, Barakhamba Road"]
[Date "2009.01.17"]
[Round "8.46"]
[White "Singh, D P."]
[Black "Deepthamsh, Reddy  M"]
[Result "1-0"]
[WhiteElo "2312"]
[BlackElo "2110"]
[PlyCount "68"]
[EventDate "2009.01.11"]

1. d4 Nf6 2. Nf3 e6 3. e3 b6 4. Bd3 Bb7 5. O-O d5 6. b3 Nbd7 7. Bb2 Bd6 8. Nbd2
O-O 9. Qe2 c5 10. Ne5 Qc7 11. f4 Ne4 12. Rad1 Ndf6 13. g4 cxd4 14. exd4 Nc3 15.
Bxc3 Qxc3 16. Qe3 Ne4 17. Rf3 f5 18. gxf5 exf5 19. Ndc4 Be7 20. Kf1 Rac8 21.
Qg1 Qb4 22. a3 Qb5 23. Nd6 Qa5 24. b4 Qa4 25. Nxc8 Rxc8 26. Kg2 Rxc2+ 27. Bxc2
Qxc2+ 28. Kh3 g5 29. fxg5 Nxg5+ 30. Kh4 Qe4+ 31. Kh5 Bc6 32. Qg3 Kg7 33. Nxc6
Kf7 34. Ne5+ Ke8 1-0

[Event "7th Parsvnath International Open Chess T"]
[Site "Modern School, Barakhamba Road"]
[Date "2009.01.17"]
[Round "8.47"]
[White "Akshat, Khamparia"]
[Black "Sandeep, Chitkara"]
[Result "1-0"]
[WhiteElo "2306"]
[BlackElo "2105"]
[PlyCount "102"]
[EventDate "2009.01.11"]

1. d4 e6 2. c4 d5 3. Nc3 Nf6 4. Nf3 Nbd7 5. Bf4 c6 6. e3 Be7 7. Bd3 dxc4 8.
Bxc4 b5 9. Bd3 Bb7 10. O-O a6 11. e4 c5 12. d5 exd5 13. exd5 Nxd5 14. Nxd5 Bxd5
15. Bxb5 Bxf3 16. Bxd7+ Qxd7 17. Qxf3 O-O 18. Rad1 Qa4 19. Be5 Rfd8 20. b3 Qb5
21. Bc7 Rdc8 22. Rfe1 Bf6 23. a4 Qb4 24. Re4 Qc3 25. Qxc3 Bxc3 26. Bb6 a5 27.
Rc4 Bb4 28. Rdc1 g6 29. Bxc5 Bxc5 30. Rxc5 Rcb8 31. R1c3 Kg7 32. Rc7 Rb6 33.
Rf3 Rf6 34. Rxf6 Kxf6 35. Rb7 Rc8 36. g3 Rc2 37. Kg2 h5 38. Rb6+ Ke7 39. h4 Rc3
40. Kf1 f6 41. Ke2 g5 42. Rb5 gxh4 43. gxh4 Rh3 44. Rxh5 Rxb3 45. Rxa5 Rh3 46.
h5 Ke6 47. f3 f5 48. h6 Kf6 49. Ra7 Kg5 50. h7 Kf4 51. Rf7 Rh2+ 1-0

[Event "7th Parsvnath International Open Chess T"]
[Site "Modern School, Barakhamba Road"]
[Date "2009.01.17"]
[Round "8.48"]
[White "Nath, Rupankar"]
[Black "Premnath, R."]
[Result "0-1"]
[WhiteElo "2176"]
[BlackElo "2303"]
[PlyCount "130"]
[EventDate "2009.01.11"]

1. d4 Nf6 2. Nf3 e6 3. Bg5 d5 4. e3 Nbd7 5. Bd3 Be7 6. O-O O-O 7. Nbd2 c5 8. c3
b6 9. Ne5 Bb7 10. f4 Ne4 11. Bxe7 Qxe7 12. Nxd7 Qxd7 13. Bxe4 dxe4 14. dxc5 Qd3
15. Re1 bxc5 16. Nb3 Rac8 17. Qxd3 exd3 18. e4 Rfd8 19. Rad1 f6 20. Kf2 Kf7 21.
Ke3 f5 22. Nd2 Bxe4 23. Nxe4 fxe4 24. Kxe4 c4 25. Rd2 Rd5 26. Ke3 a5 27. a4 Kf6
28. g4 h5 29. g5+ Kf7 30. Kf3 Rc6 31. h4 Kg6 32. Ke4 Rc8 33. Kf3 Kf5 34. Re4
Rc6 35. Re3 Rc7 36. Re4 Rc8 37. Re3 e5 38. fxe5 Rxe5 39. Rxe5+ Kxe5 40. Ke3 Rf8
41. b3 cxb3 42. Rxd3 Rf4 43. c4 Rxc4 44. Rxb3 Rxa4 45. Rb5+ Ke6 46. Kf3 Rxh4
47. Rxa5 Kf7 48. Kg3 Rg4+ 49. Kh3 Kg6 50. Rb5 Rxg5 51. Rb6+ Kh7 52. Kh4 Rc5 53.
Ra6 g6 54. Ra8 Kh6 55. Rh8+ Kg7 56. Ra8 Rc4+ 57. Kg3 Kh6 58. Ra5 h4+ 59. Kf3 g5
60. Ra8 Rc3+ 61. Kg2 Kh5 62. Ra4 Rc2+ 63. Kg1 h3 64. Ra8 Kh4 65. Ra3 Rc1+ 0-1

[Event "7th Parsvnath International Open Chess T"]
[Site "Modern School, Barakhamba Road"]
[Date "2009.01.17"]
[Round "8.49"]
[White "Navin, Kanna T U"]
[Black "Singh, Y  Dhanabir"]
[Result "1-0"]
[WhiteElo "2302"]
[BlackElo "2099"]
[PlyCount "119"]
[EventDate "2009.01.11"]

1. e4 e5 2. Nf3 Nc6 3. Bc4 Nf6 4. d4 exd4 5. O-O d6 6. Nxd4 Be7 7. Nc3 O-O 8.
Re1 a6 9. a4 Ng4 10. h3 Nge5 11. Nxc6 bxc6 12. Bf1 f5 13. f4 Ng6 14. Bd3 d5 15.
e5 Bc5+ 16. Kh1 Qh4 17. Rf1 a5 18. Qf3 Be6 19. Ne2 Ne7 20. Be3 Bb6 21. Nd4 Bd7
22. Nb3 Kh8 23. Nc5 Bc8 24. Qe2 Rb8 25. c3 Ng6 26. b4 Rd8 27. Qd2 Qe7 28. Bf2
Nf8 29. Qe1 h6 30. Rb1 Ra8 31. Bc2 Ne6 32. Bh4 g5 33. fxg5 hxg5 34. Bxf5 Ng7
35. Bxc8 Rdxc8 36. Bf2 Re8 37. Bd4 axb4 38. cxb4 Bxc5 39. Bxc5 Qxe5 40. Qd2 Nf5
41. Bf2 Qf4 42. Qb2+ Kh7 43. Kg1 d4 44. Rbd1 Rad8 45. Bxd4 Qe4 46. Bf2 g4 47.
Rde1 Qd3 48. hxg4 Rxe1 49. Rxe1 Nd4 50. Bxd4 Qxd4+ 51. Qxd4 Rxd4 52. a5 Rxb4
53. Ra1 Rxg4 54. a6 Rg8 55. a7 Ra8 56. Kf2 Kg6 57. Ke3 Kf6 58. Kd4 Ke6 59. Kc5
Kd7 60. g4 1-0

[Event "7th Parsvnath International Open Chess T"]
[Site "Modern School, Barakhamba Road"]
[Date "2009.01.17"]
[Round "8.50"]
[White "Mishra, Soumyaranjan"]
[Black "Hardik Mehta"]
[Result "1-0"]
[WhiteElo "2296"]
[BlackElo "2098"]
[PlyCount "99"]
[EventDate "2009.01.11"]

1. e4 e5 2. Nf3 d6 3. d4 Nf6 4. Nc3 Nbd7 5. Bc4 Be7 6. O-O O-O 7. Re1 c6 8. a4
Qc7 9. Ba2 a5 10. h3 exd4 11. Nxd4 Nc5 12. Bf4 Be6 13. Bxe6 Nxe6 14. Bh2 Nxd4
15. Qxd4 Nd7 16. Qc4 Ne5 17. Bxe5 dxe5 18. Nd5 Qd6 19. Ne3 Qc5 20. Qb3 Qb4 21.
Nf5 g6 22. Qg3 Bf6 23. b3 Rad8 24. Nh6+ Kg7 25. Ng4 Qe7 26. Qc3 h5 27. Nxf6
Qxf6 28. Qxa5 Rd4 29. Re2 Rfd8 30. Rae1 R8d7 31. Qc3 b5 32. a5 Qd6 33. Ra1 b4
34. Qe3 Qc5 35. Rd2 Ra7 36. a6 Qb6 37. Rxd4 exd4 38. Qd3 c5 39. Qc4 Kf6 40. f4
Kg7 41. Kh2 Kg8 42. f5 Kg7 43. fxg6 fxg6 44. e5 g5 45. e6 g4 46. Qd5 gxh3 47.
Qg5+ Kh7 48. Qxh5+ Kg7 49. Qg5+ Kh7 50. Qf5+ 1-0

[Event "7th Parsvnath International Open Chess T"]
[Site "New Delhi India"]
[Date "2009.01.18"]
[Round "9"]
[White "Petr, Kostenko"]
[Black "Mikhail, Ulibin"]
[Result "1/2-1/2"]
[WhiteElo "2501"]
[BlackElo "2511"]
[PlyCount "21"]
[EventDate "2009.01.11"]
[Source "MonRoi"]

1. e4 e6 2. d4 d5 3. Nd2 c5 4. exd5 exd5 5. Ngf3 Nf6 6. Bb5+ Bd7 7. Bxd7+ Nbxd7
8. O-O Be7 9. Re1 O-O 10. Nf1 Re8 11. dxc5 1/2-1/2

[Event "7th Parsvnath International Open Chess T"]
[Site "New Delhi India"]
[Date "2009.01.18"]
[Round "9"]
[White "Dibyendu, Barua"]
[Black "Surya Shekhar, Ganguly"]
[Result "0-1"]
[WhiteElo "2490"]
[BlackElo "2614"]
[PlyCount "158"]
[EventDate "2009.01.11"]
[Source "MonRoi"]

1. e4 e5 2. Bc4 Nf6 3. d3 Nc6 4. Nf3 Be7 5. O-O O-O 6. Nc3 d6 7. a4 h6 8. h3
Be6 9. Qe2 Qd7 10. Be3 d5 11. exd5 Nxd5 12. Bb5 Nxc3 13. bxc3 Bf6 14. d4 exd4
15. cxd4 a6 16. Bc4 Na5 17. Bxe6 Qxe6 18. Rab1 Rfe8 19. Qd3 Rad8 20. Bd2 Nc4
21. Rxb7 c5 22. Bc3 Qc6 23. Rbb1 Na3 24. Ra1 Nxc2 25. Rac1 Nxd4 26. Nxd4 Qd6
27. Rfd1 cxd4 28. Ba5 Rc8 29. Rxc8 Rxc8 30. Rb1 Qc6 31. Qd1 Qc4 32. Bd2 Re8 33.
a5 d3 34. Rc1 Qd5 35. Qf3 Qxf3 36. gxf3 Re2 37. Rd1 Bd4 38. Be1 d2 39. Bxd2
Rxf2 40. Kh1 Rxf3 41. Be1 Rf1+ 42. Kg2 Rg1+ 43. Kf3 Bf6 44. Kf2 Rg5 45. Rd6 Re5
46. Kf1 Re6 47. Rd7 g5 48. Bb4 Kg7 49. Bc5 Bc3 50. Bb6 Kg6 51. Rc7 Bb4 52. Rc4
Be1 53. Rc8 h5 54. Rg8+ Kf5 55. Rh8 Bc3 56. Rc8 Bb4 57. Rh8 h4 58. Ra8 Kg6 59.
Rg8+ Kh6 60. Rh8+ Kg7 61. Ra8 Kg6 62. Kg2 f6 63. Kf3 Kf5 64. Rxa6 Bc5 65. Kg2
Rc6 66. Kf3 Rd6 67. Ra8 Bxb6 68. axb6 Rxb6 69. Ra5+ Kg6 70. Kg2 Rb2+ 71. Kg1
Re2 72. Rb5 Re3 73. Kg2 Re2+ 74. Kg1 Re5 75. Rb6 Kf5 76. Kg2 Re2+ 77. Kg1 Ke5
78. Kf1 Re3 79. Kg2 f5 0-1